00499nam a22001457a 4500003000900000008004100009040007100050082002900121110003300150245006300183260004500246300002700291650001500318650002000333AR-CdUCM191003b ||||| |||| 00| 0 spa d aMUNICIPALIDAD PROVINCIAL DEL CUSCOcBIBLIOTECA MUNICIPAL DEL CUSCO aC / 352.48 /bP85 / 1967 aConsejo Provincial del Cuzco aPresupuesto funcional para el año económico de 1967 /  aCuzco :bTipografías Mercantil,c1967. a26 páginas ;c34 cm. aPrsupuesto aProvincia Cusco